| 000 | 00606nam a2200205Ia 4500 | ||
|---|---|---|---|
| 003 | OSt | ||
| 005 | 20241219085152.0 | ||
| 008 | 210716s1964 xx 000 0 und d | ||
| 040 | _cAIMIT LIBRARY | ||
| 041 | _aeng | ||
| 082 |
_a808.83 _21 _bHITA |
||
| 100 |
_aHitchcock, Alfred. _9191700 |
||
| 245 |
_aOnce upon a dreadful time / _cBy Alfred Hitchcock. |
||
| 250 | _a1st ed. | ||
| 260 |
_aNew York : _bDell Publishing Co ; _c1964. |
||
| 300 |
_a192p. ; _bPB _c16 cm. |
||
| 650 |
_aCool swim on a hot day _9191701 |
||
| 650 |
_aBodies just wont stay put _9191702 |
||
| 942 |
_2ddc _cBK _e1st ed. _k808.83 HITA |
||
| 999 |
_c199949 _d199949 |
||